Movies Quiz

Random Movies or Pixar Quiz

Pixar Movie Slideshow Quiz Stats

 Plays Quiz Updated Jun 23, 2018

Score 0/20 Timer 04:00
1 Play Today
% Correct
Toy Story
99%
Monsters, Inc.
98.8%
Up
98.1%
Toy Story 3
98.1%
Cars 2
98%
The Incredibles
97.9%
WALL-E
97.1%
Finding Nemo
97%
Cars
96.9%
Finding Dory
96.9%
% Correct
Toy Story 2
96.7%
A Bug's Life
95%
Brave
94.3%
Cars 3
93.9%
Monsters University
93.6%
Ratatouille
91.7%
The Incredibles 2
91.3%
Inside Out
85.9%
Coco
75.7%
The Good Dinosaur
73.9%

You're not logged in!

Compare scores with friends on all Sporcle quizzes.
OR
Log In

Show Comments

Extras

Top Quizzes Today


Score Distribution

Your Account Isn't Verified!

In order to create a playlist on Sporcle, you need to verify the email address you used during registration. Go to your Sporcle Settings to finish the process.

Report this User

Report this user for behavior that violates our Community Guidelines.

Details: